| Tag |
First Indicator |
Second Indicator |
Subfields |
| LEADER |
00000cam a22000001a 4500 |
| 001 |
in00003057021 |
| 005 |
20190402183802.0 |
| 006 |
m o d |
| 007 |
cr un mmmapmmp |
| 008 |
070626s1912 dcu o f000 0 eng d |
| 035 |
|
|
|a cis2004140825
|
| 040 |
|
|
|a UMI
|c UMI
|d UtOrBLW
|
| 043 |
|
|
|a n-us---
|
| 099 |
|
|
|a ProQuest Serial Set Number 6326 H.doc.607
|
| 110 |
1 |
|
|a United States.
|b Congress.
|b House.
|b Committee on Foreign Affairs.
|
| 245 |
1 |
0 |
|a International Chambers of Commerce. Letter from the Secretary of Commerce and Labor, recommending that if an appropriation is authorized by Congress for the entertainment of representatives of International Chambers of Commerce the Department of Commerce and Labor be given official authority to participate therein.
|
| 246 |
1 |
|
|a Authority for Department of Commerce and Labor to participate in entertainment of International Chambers of Commerce
|
| 264 |
|
1 |
|a Washington :
|b [publisher not identified],
|c 1912.
|
| 300 |
|
|
|a 1 online resource.
|
| 336 |
|
|
|a text
|b txt
|2 rdacontent
|
| 337 |
|
|
|a computer
|b c
|2 rdamedia
|
| 338 |
|
|
|a online resource
|b cr
|2 rdacarrier
|
| 490 |
0 |
|
|a H.doc.607
|
| 500 |
|
|
|a Record is based on bibliographic data in ProQuest U.S. Serial Set Digital Collection (last viewed June 2007). Reuse except for individual research requires license from ProQuest, LLC.
|
| 510 |
3 |
|
|a ProQuest U.S. Serial Set Digital Collection
|
| 500 |
|
|
|a Electronic resource.
|
| 650 |
|
0 |
|a Boards of trade.
|
| 655 |
|
7 |
|a Electronic books.
|2 local
|
| 710 |
2 |
|
|a ProQuest (Firm)
|
| 710 |
1 |
|
|a United States.
|b Department of Commerce and Labor.
|
| 830 |
|
0 |
|a United States congressional serial set.
|
| 856 |
4 |
0 |
|u http://proxy.library.tamu.edu/login?url=http://congressional.proquest.com/congcomp/getdoc?SERIAL-SET-ID=6326+H.doc.607
|z Connect to the full text of this electronic book
|t 0
|
| 999 |
|
|
|a MARS
|
| 999 |
f |
f |
|s 686260e0-41d4-3ce0-be8f-49d795010684
|i 39a16aa3-0c61-3214-9d42-82a59e899041
|t 0
|
| 952 |
f |
f |
|a Texas A&M University
|b College Station
|c Electronic Resources
|d Available Online
|t 0
|e ProQuest Serial Set Number 6326 H.doc.607
|h Other scheme
|
| 998 |
f |
f |
|a ProQuest Serial Set Number 6326 H.doc.607
|t 0
|l Available Online
|